Canciones popularizadas por el fútbol - Estadísticas

Estadísticas generales
  • Esta prueba ha sido intentada 124 veces
  • La puntuación promedio es 3 de 12
Estadísticas de respuestas
Intérprete Canción Propósito Año % Correcto
Shakira «Waka Waka (Esto es África)» Copa Mundial 2010
90%
Isabel Aaiún «Potra salvaje» Selección española 2024
52%
Pitbull «We are one (Ole ola)» Copa Mundial 2014
26%
Ryan Castro «El ritmo que nos une» Selección colombiana 2024
25%
Ricky Martin «La copa de la vida» Copa Mundial 1998
19%
Chema Rivas «La Roja» Selección española 2022
17%
La Mosca Tsé-Tsé «Muchachos, ahora nos volvimos a ilusionar» Selección argentina 2022
11%
Nelly Furtado «Força» Eurocopa 2004
8%
Taburete «Desde Rusia con amor» Selección española 2018
7%
The Lightning Seeds «Three Lions» Selección inglesas 1996
7%
Los Ramblers «El rock del Mundial» Copa Mundial 1962
5%
Enrique Iglesias «Can you hear me» Eurocopa 2008
4%
No se encontraron pruebas coincidentes
Distribución de puntuación
Porcentaje de gente con cada puntuación
Porcentaje por número respondido
Historial de tus puntuaciones
No has intentado esta prueba.